Top 8 Most Watched Shows of 2012 Quiz Stats

 Plays Quiz not verified by Sporcle

Challenge
Share
Tweet
Embed
Score 0/8 Timer 02:00
0 Plays Today
Channel Show % Correct
FoxAmerican Idol
95.7%
CBSTwo and a Half Men
74.5%
CBSThe Big Bang Theory
73.4%
CBSNCIS
69.1%
ABCDancing With The Stars
68.1%
NBCThe Voice
59.6%
NBCSunday Night Football
56.4%
CBSNCIS: Los Angeles
28.7%

You're not logged in!

Compare scores with friends on all Sporcle quizzes.
Join for Free
OR
Log In

You Might Also Like...

Show Comments

Extras

Top Quizzes Today


Score Distribution

Your Account Isn't Verified!

In order to create a playlist on Sporcle, you need to verify the email address you used during registration. Go to your Sporcle Settings to finish the process.

Report this User

Report this user for behavior that violates our Community Guidelines.

Details: